000 00243nam a2200109Ia 4500
008 190914s9999||||xx |||||||||||||| ||und||
100 _aMir Aman
245 0 _aBagh-w-Bahar
260 _aLahore
_bSang-e-Meel
_c2009
300 _a1073
942 _cBK
999 _c9028
_d9028